| 000 | 00355 a2200157 4500 | ||
|---|---|---|---|
| 001 | 194270 | ||
| 020 | _a978-85-8193-402-2 | ||
| 040 | _cMagnum | ||
| 100 | _aPamplona, Rosane | ||
| 240 | 1 | 0 |
_aAs doze princesas bailarinas _lpor |
| 245 | 1 | 0 | _aAs doze princesas bailarinas |
| 300 | _a25 | ||
| 362 | 0 | _a2017 | |
| 697 | _aLITERATURA INFANTO | ||
| 942 | _cBK | ||
| 999 |
_c194270 _d194270 |
||